Porovnání dřívějších a současných daňových odpisů.
Daňové odpisy ako súčasť zákona o daniach z príjmov platné od 1.1.1993. Nové poňatie predpisov oproti minulosti. Právna úprava daňových odpisov. Vymedzenie odpisovaného majetku. Metódy odpisovania. Zmeny v odpisovaní pri leasingu hnuteľných vecí. Zmeny vo finančnom leasingu.
Saved in:
| Main Author: | |
|---|---|
| Format: | Book Chapter |
| Language: | Czech |
| Subjects: | |
| Tags: |
No Tags, Be the first to tag this record!
|
MARC
| LEADER | 00000naa a2200000 4500 | ||
|---|---|---|---|
| 001 | r013003 | ||
| 005 | 20221213083351.9 | ||
| 041 | 0 | |a cze | |
| 044 | |a CZ | ||
| 245 | 1 | 0 | |a Porovnání dřívějších a současných daňových odpisů. |c M. Blatný |
| 520 | |a Daňové odpisy ako súčasť zákona o daniach z príjmov platné od 1.1.1993. Nové poňatie predpisov oproti minulosti. Právna úprava daňových odpisov. Vymedzenie odpisovaného majetku. Metódy odpisovania. Zmeny v odpisovaní pri leasingu hnuteľných vecí. Zmeny vo finančnom leasingu. | ||
| 610 | 2 | 0 | |a dane |
| 610 | 2 | 0 | |a odpisy |
| 610 | 2 | 0 | |a dane z príjmov |
| 610 | 2 | 0 | |a zákony |
| 610 | 2 | 0 | |a 1993 |
| 610 | 2 | 0 | |a predpisy právne |
| 610 | 2 | 0 | |a lízing |
| 610 | 2 | 0 | |a nehnuteľnosti |
| 610 | 2 | 0 | |a metodika |
| 610 | 2 | 0 | |a sadzby odpisové |
| 100 | 1 | |a Blatný, M. | |